00252 a2200121 4500001000700000020001800007040003500025100002000060240001800080245001300098300001000111362000900121156849 a9788520916766 cEscola São Tomás de Aquino aMACHADO, Angelo10aGargantalpor10aGarganta a32 p.0 a2011